000 01165cam a22002294a 4500
005 20250605164251.0
008 250528s ||||||||||||||||||||||||d
035 _a21744
020 _a9789607182807
040 _aGR-AtMCL
_bgre
_dGR-AtMCL
_eAACR2
245 1 _aΗΛΕΚΤΡΟΝΙΚΟ ΕΜΠΟΡΙΟ 2011
250 _a7
260 _bΠαπασωτηρίου,
_c2012
300 _a821
505 0 _aΕΙΣΑΓΩΓΗ ΣΤΟ ΗΛΕΚΤΡΟΝΙΚΟ ΕΜΠΟΡΙΟ ΤΕΧΝΟΛΟΓΙΚΗ ΥΠΟΔΟΜΗ ΓΙΑ ΤΟ ΗΛΕΚΤΡΟΝΙΚΟ ΕΜΠΟΡΙΟ ΕΠΙΧΕΙΡΗΜΑΤΙΚΕΣ ΕΝΝΟΙΕΣ ΚΑΙ ΚΟΙΝΩΝΙΚΑ ΖΗΤΗΜΑΤΑ ΤΟ ΗΛΕΚΤΡΟΝΙΚΟ ΕΜΠΟΡΙΟ ΣΤΗΝ ΠΡΑΞΗ
520 _aΕΙΣΑΓΩΓΗ ΣΤΟ ΗΛΕΚΤΡΟΝΙΚΟ ΕΜΠΟΡΙΟ ΤΕΧΝΟΛΟΓΙΚΗ ΥΠΟΔΟΜΗ ΓΙΑ ΤΟ ΗΛΕΚΤΡΟΝΙΚΟ ΕΜΠΟΡΙΟ ΕΠΙΧΕΙΡΗΜΑΤΙΚΕΣ ΕΝΝΟΙΕΣ ΚΑΙ ΚΟΙΝΩΝΙΚΑ ΖΗΤΗΜΑΤΑ ΤΟ ΗΛΕΚΤΡΟΝΙΚΟ ΕΜΠΟΡΙΟ ΣΤΗΝ ΠΡΑΞΗ
700 1 _aLaudon Kenneth C
_91358
700 1 _aTraver Carol Guercio
_97673
942 _cBK
999 _c6803
_d6803